000
00298nam a2200121Ia 4500
008
191201s2019 xx 000 0 und d
100
_a
SHARMA, Rajani
245
0
_a
Bharitya k Char Sopan
260
_a
N. Delhi
_b
Haryana Granth Academy
300
_a
136
650
_a
General Books
942
_2
ddc
_c
BK
999
_c
6712
_d
6712